000 00412nam a2200181Ia 4500
005 20250425161656.0
008 250425s9999 xx 000 0 und d
041 _aeng
082 _a620.21
100 _aMORSE, PHILIP M.
245 0 _aTHEORETICAL ACOUSTICS
250 _aS.E.
260 _aEstados Unidos
_bMCGRAW - HILL
_c1968
260 _aNEW YORK
300 _a927
942 _c01
010 _a25610
999 _c213849
_d213849